Влияние ледовитого океана и его морей на климат планеты. Решение проблемы; Творчество юных - шаг в успешное будущее

Detalles Bibliográficos
Parent link:Творчество юных - шаг в успешное будущее.— 2017.— [С. 181-184]
Autor principal: Нечаев Д. А.
Autor Corporativo: Национальный исследовательский Томский политехнический университет (ТПУ) Институт природных ресурсов (ИПР) Кафедра транспорта и хранения нефти и газа (ТХНГ)
Otros Autores: Чухарева Н. В. Наталья Вячеславовна (научный руководитель)
Sumario:Заглавие с титульного экрана
Lenguaje:ruso
Publicado: 2017
Colección:Геологические, геохимические, гидрогеохимические и климатические исследования в Арктике и прибрежных зонах арктических морей
Materias:
Acceso en línea:http://earchive.tpu.ru/handle/11683/43286
Formato: Electrónico Capítulo de libro
KOHA link:https://koha.lib.tpu.ru/cgi-bin/koha/opac-detail.pl?biblionumber=623949

MARC

LEADER 00000naa2a2200000 4500
001 623949
005 20231101133304.0
035 |a (RuTPU)RU\TPU\conf\23080 
035 |a RU\TPU\conf\23079 
090 |a 623949 
100 |a 20171018d2017 k y0rusy50 ca 
101 0 |a rus 
102 |a RU 
105 |a y z 101zy 
135 |a drcn ---uucaa 
181 0 |a i  
182 0 |a b 
200 1 |a Влияние ледовитого океана и его морей на климат планеты. Решение проблемы  |f Д. А. Нечаев  |g науч. рук. Н. В. Чухарева 
203 |a Текст  |c электронный 
225 1 |a Геологические, геохимические, гидрогеохимические и климатические исследования в Арктике и прибрежных зонах арктических морей 
230 |a 1 компьютерный файл (pdf; 950 Kb) 
300 |a Заглавие с титульного экрана 
320 |a [Библиогр.: с. 184 (6 назв.)] 
463 1 |0 (RuTPU)RU\TPU\conf\23047  |t Творчество юных - шаг в успешное будущее  |o Арктика и её освоение  |o материалы X Всероссийской научной молодежной конференции с международным участием с элементами научной школы имени профессора М.К. Коровина, г. Томск, 29 мая-2 июня 2017 г.  |f Национальный исследовательский Томский политехнический университет (ТПУ), Институт природных ресурсов (ИПР) ; под ред. А. С. Боева  |v [С. 181-184]  |d 2017 
610 1 |a труды учёных ТПУ 
610 1 |a электронные ресурсы 
610 1 |a Арктика 
610 1 |a шельфы 
610 1 |a зондирование 
610 1 |a полярные экспедиции 
610 1 |a космические исследования 
610 1 |a глобальное потепление 
700 1 |a Нечаев  |b Д. А. 
702 1 |a Чухарева  |b Н. В.  |c специалист в области нефтегазового дела  |c доцент Томского политехнического университета, кандидат химических наук  |f 1967-  |g Наталья Вячеславовна  |2 stltpush  |4 727 
712 0 2 |a Национальный исследовательский Томский политехнический университет (ТПУ)  |b Институт природных ресурсов (ИПР)  |b Кафедра транспорта и хранения нефти и газа (ТХНГ)  |h 257  |2 stltpush  |3 (RuTPU)RU\TPU\col\18661 
801 2 |a RU  |b 63413507  |c 20171024  |g RCR 
856 4 |u http://earchive.tpu.ru/handle/11683/43286 
942 |c BK